000 00633nam a22001697a 4500
020 _qHard Cover.
082 _a200
100 _aIlyas Tahir, Sheikh
245 _aENERGY AND EXERGY ANALYSIS OF A THERMAL POWER PLANT IN PAKISTAN (BIN QASIM THERMAL POWER STATION, KARACHI) /
_cSheikh Ilyas Tahir.
260 _aKarachi :
_bPNEC - NUST,
_c2014.
300 _a89 p. : ill. ;
_c30cm.
650 _aMS-Mechanical Engineering
700 _aSupervisor: Professor Dr. Waqar A Khan.
_9128797
856 _uhttp://10.250.8.41:8080/xmlui/handle/123456789/21214
942 _2ddc
_cSC
999 _c535452
_d535452